| 000 | 00617cem a22001695a 4500 | ||
|---|---|---|---|
| 001 | L157163 | ||
| 008 | 120911s1862 xxk f 000 0 eng d | ||
| 035 | _a(Sirsi) u157163 | ||
| 041 | 0 | _aeng | |
| 245 | 0 | 0 |
_aEngland and Wales _bshowing the rivers, with their approximate drainage areas, and principal towns, compiled for The Royal Sewage Commission |
| 260 |
_a[S.l.] _bDay & Son (Lithographers) _c1862 |
||
| 300 |
_a1 map _bcol. _c115 x 88 cm, folded to 22 x 11 cm |
||
| 583 |
_aCondition reviewed _c20120620 _lcondition level 4 |
||
| 651 | 4 |
_aEngland and Wales _y1543- |
|
| 690 |
_aInfrastructure _96246 |
||
| 942 | _n0 | ||
| 999 |
_c114638 _d114638 |
||